[Event "Barcelona Sant Marti op-B 19th"]
[Site "Barcelona"]
[Date "2017.07.19"]
[Round "7"]
[White "Lopez Abaurrea, Eduardo"]
[Black "Bailly, Axel"]
[Result "0-1"]
[WhiteElo "1422"]
[BlackElo "1470"]
[PlyCount "70"]
[EventDate "2017.07.13"]
[EventType "swiss"]
[EventRounds "9"]
[EventCountry "ESP"]
[SourceTitle "EXT 2018"]
[Source "ChessBase"]
[SourceDate "2017.10.13"]
[SourceVersion "1"]
[SourceVersionDate "2017.10.13"]
[SourceQuality "1"]

1. d4 d5 2. Nf3 c5 3. c3 Nc6 4. Bf4 Nf6 5. h3 e6 6. e3 c4 7. Be2 h6 8. 0-0 Bd6 9. Bxd6 Qxd6 10. Nbd2 g5 11. Nh2 Bd7 12. Qc2 0-0-0 13. b4 b6 14. a4 Rdg8 15. Rfb1 h5 16. g3 e5 17. Bf1 e4 18. Qa2 Bxh3 19. Bxh3+ g4 20. Nxc4 dxc4 21. Qxc4 gxh3 22. Qa6+ Kb8 23. Qb5 Rxg3+ 24. Kf1 Rg2 25. Ke2 Qxh2 26. Rf1 Ng4 27. Qf5 Rg8 28. Qf4+ Qxf4 29. exf4 h2 30. Rad1 Rxf2+ 31. Rxf2 Nxf2 32. Kxf2 Rg1 33. Rxg1 hxg1Q+ 34. Kxg1 h4 35. Kg2 e3 0-1

[Event "Barcelona Sant Marti op-B 19th"]
[Site "Barcelona"]
[Date "2017.07.16"]
[Round "4"]
[White "Lopez Abaurrea, Eduardo"]
[Black "Febrero Perez, Lluis"]
[Result "0-1"]
[WhiteElo "1422"]
[BlackElo "1488"]
[PlyCount "66"]
[EventDate "2017.07.13"]
[EventType "swiss"]
[EventRounds "9"]
[EventCountry "ESP"]
[SourceTitle "EXT 2018"]
[Source "ChessBase"]
[SourceDate "2017.10.13"]
[SourceVersion "1"]
[SourceVersionDate "2017.10.13"]
[SourceQuality "1"]

1. d4 Nf6 2. c4 g6 3. Nc3 d5 4. Nf3 Bg7 5. e3 0-0 6. Bd3 b6 7. 0-0 Bb7 8. b4 Nbd7 9. c5 a5 10. Rb1 axb4 11. Rxb4 e6 12. a4 Ne4 13. Bb2 Bc6 14. Bb5 bxc5 15. dxc5 Nxc3 16. Bxc3 Bxc3 17. Rb3 Bxb5 18. Rxb5 c6 19. Rb3 Qa5 20. Qc2 Bb4 21. Rfb1 Qxa4 22. Qb2 Bxc5 23. Qc3 Be7 24. g3 Bf6 25. Qc2 c5 26. Qd2 Qe4 27. Qd1 c4 28. Rb7 Nc5 29. Nd2 Qd3 30. Qe1 Nxb7 31. Rxb7 Ra1 32. Rb1 Rxb1 33. Qxb1 Qxb1+ 0-1

[Event "Barcelona Ideal Clave op 20th"]
[Site "Barcelona"]
[Date "2016.10.29"]
[Round "5"]
[White "Lopez Abaurrea, Eduardo"]
[Black "Arias Aranda, Guillem"]
[Result "0-1"]
[WhiteElo "1490"]
[BlackElo "1438"]
[PlyCount "66"]
[EventDate "2016.10.01"]
[EventType "swiss"]
[EventRounds "8"]
[EventCountry "ESP"]
[SourceTitle "EXT 2018"]
[Source "ChessBase"]
[SourceDate "2017.10.13"]
[SourceVersion "1"]
[SourceVersionDate "2017.10.13"]
[SourceQuality "1"]

1. d4 d5 2. c4 e5 3. dxe5 d4 4. e3 Bb4+ 5. Bd2 dxe3 6. Qa4+ Nc6 7. fxe3 Qh4+ 8. Kd1 Bg4+ 9. Nf3 Bxf3+ 10. gxf3 0-0-0 11. Qc2 Nxe5 12. Be2 Bxd2 13. Nxd2 Nf6 14. Qc3 Rxd2+ 15. Kxd2 Rd8+ 16. Kc2 Nxf3 17. Bxf3 Qf2+ 18. Kb3 Qxf3 19. Kb4 c5+ 20. Kb3 Qe2 21. Qe1 Rd3+ 22. Ka4 Qc2+ 23. b3 Ne4 24. Kb5 Rd6 25. Qa5 Ra6 26. Qxa6 bxa6+ 27. Kxa6 Qb2 28. Kxa7 Qa3+ 29. Kb6 Qa8 30. a3 Qb7+ 31. Ka5 Kc7 32. Rhf1 Qb6+ 33. Ka4 Qa6# 0-1

[Event "Barcelona Ideal Clave op 13th"]
[Site "Barcelona"]
[Date "2007.09.29"]
[Round "1.8"]
[White "Lopez Abaurrea, Eduardo"]
[Black "Gonzalez Garcia, Sergi"]
[Result "0-1"]
[WhiteElo "1770"]
[BlackElo "2002"]
[PlyCount "94"]
[EventDate "2007.09.29"]
[EventType "swiss"]
[EventRounds "8"]
[EventCountry "ESP"]
[SourceTitle "EXT 2024"]
[Source "ChessBase"]
[SourceDate "2023.10.10"]
[SourceVersion "1"]
[SourceVersionDate "2023.10.10"]
[SourceQuality "1"]

1. d4 Nf6 2. Nf3 d5 3. c4 e6 4. Bg5 Be7 5. e3 0-0 6. Bd3 c6 7. 0-0 dxc4 8. Bxc4 b5 9. Bd3 Bb7 10. Qc2 Nbd7 11. Nbd2 h6 12. Bh4 Nd5 13. Bxe7 Qxe7 14. a3 a6 15. Rac1 Rac8 16. Nb3 Ba8 17. Nc5 a5 18. Nxd7 Qxd7 19. Qc5 Rfd8 20. Rc2 Qe8 21. Rfc1 Ne7 22. Qc3 a4 23. Qd2 f6 24. Rc5 Rd5 25. R1c3 Qd7 26. Qc2 Rd8 27. h3 Qe8 28. Rxd5 exd5 29. Rc5 Qd7 30. Kh1 Nc8 31. Bf5 Qe7 32. Bg4 Nd6 33. Nh4 Ne4 34. Rxc6 Bxc6 35. Qxc6 Nxf2+ 36. Kg1 Nxg4 37. hxg4 Qxe3+ 38. Kh2 Qe8 39. Qc7 Qd7 40. Qc2 Qxg4 41. Nf5 Qh5+ 42. Kg1 Re8 43. Kf2 Re4 44. Ng3 Rf4+ 45. Ke3 Qg4 46. Nh1 Re4+ 47. Kf2 Qf4+ 0-1